| 000 | 03902nam a22009254i 4500 | ||
|---|---|---|---|
| 001 | 768714001 | ||
| 003 | CO-MdFUSB | ||
| 005 | 20220701171845.0 | ||
| 008 | 190226t1988 xxu||||| |||| 00| 0 eng d | ||
| 020 | _a0802803377 | ||
| 020 | _a0802801102 | ||
| 020 | _a0802801609 | ||
| 020 | _a0802810411 | ||
| 020 | _a0802841503 | ||
| 020 | _a0802806082 | ||
| 020 | _a0802803369 | ||
| 020 | _a0802803385 | ||
| 020 | _a080281039X | ||
| 020 | _a0802803679 | ||
| 020 | _a0802806007 | ||
| 020 | _a0802810381 | ||
| 020 | _a0802810403 | ||
| 020 | _a0802804314 | ||
| 020 | _a0802802427 | ||
| 020 | _a0871828252 | ||
| 020 | _a0802802591 | ||
| 020 | _a1871828090 | ||
| 020 | _a0802823742 | ||
| 040 |
_aCO-MdFUSB _bspa _cCO-MdFUSB _dCO-MdFUSBC _erda |
||
| 041 | _aeng | ||
| 082 |
_223 _aR 227.7 _bIN61 |
||
| 245 | 0 | 0 |
_aInternational theological commentary _c/ editado por Fredrick Carlson Holmgren y George A. F. Knight |
| 264 | 1 |
_aEstados Unidos: _bWm. B. Eerdmans Publishing Company, _c℗1988 |
|
| 264 | 4 | _c©1988 | |
| 300 |
_cvolúmenes _a; 21 cm |
||
| 336 |
_2rdacontent _atexto _btxt |
||
| 337 |
_2rdamedia _asin mediación _bn |
||
| 338 |
_2rdacarrier _avolumen _bnc |
||
| 490 | _aInternational Theological Commentary | ||
| 505 | _aVol. 1: Génesis 1-11. -- Vol. 3: Levítico. -- Vol. 4: Números. -- Vol. 5: Deuteronomio. -- Vol. 6: Josué. -- Vol. 8: Rut. -- Vol. 9: 1 y 2 de Samuel. -- Vol. 12: Esdras y Nehemías. -- Vol. 19: Cantar de los cantares y Jonás. -- Vol. 20a: Isaías 1-39. -- Vol. 20b: Isaías 40-55. -- Vol. 21a: 1- 25: Jeremías 1-25. -- Vol. 21b: Jeremías 26-52. -- Vol. 23: Ezequiel. -- Vol. 24: Daniel. -- Vol. 27: Amós y Lamentaciones. -- Vol. 30: Miqueas: justicia y lealtad -- Vol. 31: Nahum, Abdías y Esther -- Vol. 32: Habacuc y Sofonías. -- Vol. 34: Hageo y Zacarías: Reconstruyendo con esperanza. | ||
| 563 | _aTapa rústica | ||
| 630 | 7 |
_aBiblia. _pGénesis _xCrítica, interpretación, etc. |
|
| 630 | 7 |
_aBiblia. _pLevíticos _xCrítica, interpretación, etc. |
|
| 630 | 7 |
_aBiblia. _pDeuteronomio _xCrítica, interpretación, etc. |
|
| 630 | 7 |
_aBiblia. _pJueces _xCrítica, interpretación, etc. |
|
| 630 | 7 |
_aBiblia. _pRut _xCrítica, interpretación, etc. |
|
| 630 | 7 |
_aBiblia. _pSamuel _xCrítica, interpretación, etc. |
|
| 630 | 7 |
_aBiblia. _pCantares _xCrítica, interpretación, etc. |
|
| 630 | 7 |
_aBiblia _pIsaías _xCrítica, interpretación, etc. |
|
| 630 | 7 |
_aBiblia. _pJeremías _xCrítica, interpretación, etc. |
|
| 630 | 7 |
_aBiblia. _pDaniel _xCrítica, interpretación, etc. |
|
| 630 | 7 |
_aBiblia. _pLamentaciones _xCrítica, interpretación, etc. |
|
| 630 | 7 |
_aBiblia. _pAmos _xCrítica, interpretación, etc. |
|
| 630 | 7 |
_aBiblia. _pJonas _xCrítica, interpretación, etc. |
|
| 630 | 7 |
_aBiblia. _pMiqueas _xCrítica, interpretación, etc. |
|
| 630 | 7 |
_aBiblia. _pHabacuc _xCrítica, interpretación, etc. |
|
| 630 | 7 |
_aBiblia. _pSofonías _xCrítica, interpretación, etc. |
|
| 700 |
_aGowan, Donald E. _eautor |
||
| 700 |
_aGorman, Frank H., Jr. _eautor |
||
| 700 |
_aCairns, Ian _eautor |
||
| 700 |
_aHamlin, E. John _eautor |
||
| 700 |
_aRobinson, Gnana _eautor |
||
| 700 |
_aKnight, George A.F. _deditor general _eautor |
||
| 700 |
_aGolka, Friedemann W. _eautor |
||
| 700 |
_aWidyapranawa, S.H. _eautor |
||
| 700 |
_aBrueggemann, Walter _eautor |
||
| 700 |
_aAnderson, Robert A., _eautor |
||
| 700 |
_aMartin-Achard, Robert _eautor |
||
| 700 |
_aReʾemi, S. Paul _eautor |
||
| 700 |
_aHolmgren, Fredrick Carlson _deditor general _eautor |
||
| 700 |
_aAlfaro, Juan I. _eautor |
||
| 700 |
_aEszenyei Széles, Mária _eautor |
||
| 700 |
_aSakenfeld, Katharine Doob, _eautor _96489 |
||
| 700 |
_aHolmgren, Fredrick Carlson, _eautor _96490 |
||
| 700 |
_aVawter, Bruce, _eautor _96491 |
||
| 700 |
_aCoggins, Richard James, _eautor _93801 |
||
| 942 | _cREF | ||
| 945 | _aJTF-925 | ||
| 999 |
_c64856 _d64856 |
||